| 000 | 00633nam a2200229Ia 4500 | ||
|---|---|---|---|
| 008 | 180523s9999 xx 000 0 und d | ||
| 020 | _a0-07-124644-4 | ||
| 050 | _aMAIN TS 155 | ||
| 050 | _b.C43 2004 c.3 | ||
| 100 | _aChase, Richard B. | ||
| 245 | 0 | _aOperations management for competitive advantage / | |
| 245 | 0 | _cRichard B. Chase, F. Robert Jacobs, Nicholas J. Aquilano. | |
| 250 | _a10th Edition | ||
| 260 | _aNew York : | ||
| 260 | _bMcGraw-Hill, | ||
| 260 | _c2005 | ||
| 300 | _a765 pages : | ||
| 300 | _billustrations ; | ||
| 300 | _c26 cm. | ||
| 500 | _aIncludes index. | ||
| 650 | _aProduction management. | ||
| 999 |
_c357706 _d357706 |
||